000
00303nam a22001337a 4500
008
170609b xxu||||| |||| 00| 0 eng d
020
_a
9780393912791
041
_a
eng
080
_2
4TH
_a
32
100
_a
19
101
_a
SHP
245
_a
CASES IN COMPARATIVE POLITICS
_c
O'NEIL,P.H
942
_2
udc
_c
BK
999
_c
16648
_d
16648